00000000nam 2200000zi 4500
0019.946631
003CaOODSP
00520250109074835
006m     o  d f      
007cr mn|||||||||
008250108s1970    onc     o    f000 0 fre d
040 |aCaOODSP|bfre|erda|cCaOODSP
0410 |aeng|afre
043 |an-cn---
0861 |aC2-676/1970-PDF
24500|aGeneral Adjustment Assistance Program, GAAP = |bProgramme d'aide générale de transition, GAAP.
24611|aProgramme d'aide générale de transition, GAAP
24616|aProgram of financial assistance and consulting services for manufacturers = |bProgramme d'aide financière et de services de conseillers à l'intention des fabricants
264 1|aOttawa, Canada : |bDepartment of Industry, Trade and Commerce = Ministère de l'industrie et du commerce, |c1970.
264 4|c©1970
300 |a1 ressource en ligne (8 pages)
336 |atexte|btxt|2rdacontent/fre
337 |ainformatique|bc|2rdamedia/fre
338 |aressource en ligne|bcr|2rdacarrier/fre
500 |aTitre de la couverture.
500 |aÉdition numérisée de l'imprimé [par Innovation, sciences et développement économique Canada].
546 |aTexte en anglais et en français.
650 6|aIndustrie manufacturière|xPolitique gouvernementale|zCanada.
650 6|aAide à l'ajustement de la commercialisation|zCanada.
7101 |aCanada. |bMinistère de l'industrie et du commerce, |eorganisme de publication.
788 |tGeneral Adjustment Assistance Program, GAAP = |eeng|w(CaOODSP)9.934242
85640|qPDF|s613 Ko|uhttps://publications.gc.ca/collections/collection_2025/isde-ised/c2/C2-676-1970.pdf